| 000 | 00505nam a2200157 a 4500 | ||
|---|---|---|---|
| 008 | 120416s1979 ||||||||||||||||| || u | ||
| 020 | _a0712102698 | ||
| 050 | _aHF 5030 Hal | ||
| 100 | _aHall, L | ||
| 245 | 1 | 0 | _aBusiness administration |
| 250 | _a3rd ed. | ||
| 260 |
_aLondon _bMacDonald & Evans _c1979 |
||
| 300 | _axiii, 338p. : ill. | ||
| 350 | _a0.00 | ||
| 995 |
_D0.00 _FCBU-MAIN LIBRARY (Kitwe) _H1 _I8.95 _UDAMAGED _ZMain Library Open Access Collection |
||
| 999 |
_c36380 _d36380 |
||